| 000 | 01203aam a2200289 4500 | ||
|---|---|---|---|
| 999 |
_c46694 _d46694 |
||
| 001 | 20343 | ||
| 003 | CO-MdFUSB | ||
| 005 | 20171108090925.0 | ||
| 008 | 160901t1995 -uk||||f |||| 00| 0 eng d | ||
| 020 | _a1-85821-239-1 | ||
| 040 |
_aCO-MdFUSB _bEspañol _cCO-MdFUSB _dCO-MdFUSB _erda |
||
| 041 | _aeng | ||
| 082 |
_224 _a225.48 _bB993n |
||
| 100 | 1 |
_aByatt, Anthony _dautor |
|
| 245 | 1 | 0 |
_aNew Testament metaphors _b: Illustrations in word and phrase _c/ Anthony Byatt |
| 264 | 4 |
_aEdinburgh, Scotland: _bThe Pentland Press, _c©1995 |
|
| 300 | _axxvii, 322 páginas | ||
| 336 |
_2rdacontent _atexto _btxt |
||
| 337 |
_2rdamedia _asin mediación _bn |
||
| 338 |
_2rdacarrier _avolumen _bnc |
||
| 500 | _aIncluye índices (p. 285-322) | ||
| 501 | _aPasta dura | ||
| 505 | 0 | 0 | _aAgricultura, las plantas y la tierra -- Animales y pájaros -- Edificios y viviendas -- Vida cotidiana --Juegos y entretenimiento -- El cuerpo humano y la ropa -- Las relaciones humanas y las emociones -- Legal -- Militar -- Naturaleza y creación - Náutico -- La vida religiosa y la educación -- Comercios y documentos de la empresa |
| 630 | 0 | 7 |
_aBiblia. _pNuevo Testamento |
| 942 | _cBK | ||